000 00467nam a2200181Ia 4500
008 090124s9999 xx 000 0 und d
082 _b12148
_a2782
100 _aमिरासदार द.मा.
245 _a गफलत
250 _a1
260 _c1961
300 _a155
600 _aमिरासदार द.मा.
630 _a गफलत
700 _aमिरासदार द.मा.
730 _a गफलत
942 _cBOOK
999 _c126087
_d126087